Pop Chart Songs 2015 - Statistics

General Stats
  • This quiz has been taken 431 times
  • The average score is 7 of 15
Answer Stats
Hint Answer % Correct
Mark Ronson ft. Bruno Mars Uptown Funk
93%
Adele Hello
83%
Justin Beiber Sorry
76%
Maroon 5 Sugar
69%
Ellie Goulding Love Me Like You Do
67%
Justin Beiber Love Yourself
64%
Justin Beiber What Do You Mean
57%
Clean Bandit ft. Jess Glynne Rather Be
50%
Maroon 5 Animals
36%
Fleur East Sax
28%
Kygo ft. Conrad Sewell Firestone
24%
Coldplay Adventure Of A Lifetime
16%
Jess Glynne Take Me Home
12%
Olly Murs Kiss Me
10%
Nathan Sykes Over And Over Again
10%
No matching quizzes found
Score Distribution
Percent of People with Each Score
Percentile by Number Answered
Your Score History
You have not taken this quiz